000 00703nam a2200205Ia 4500
003 GCL
008 140319s9999 xx 000 0 ara d
040 _aGCL /
_cGCL
082 0 4 _a071.962
_bع م
100 1 _aعبدالله النديم
245 1 0 _aمن وثائق عبد الله النديم /
_cعبدالله النديم
260 _a[S.N] :
_bالهيئة المصرية العامة لدار الكتب والوثائق القومية ،
_c1995
490 _a
650 0 4 _aالصحافة المصرية
650 0 4 _aالصحافة العربية
650 0 4 _aالتنوير
650 0 4 _aالوثائق العربية
650 0 4 _aعبدالله النديم
942 _2ddc
_cBK
999 _c36606
_d36606